| Поле | Название | Значение |
| |
Тип записи |
a |
| |
Библиографический уровень |
m |
| 001 |
Контрольный номер |
RU/URAIT/588083 |
| 005 |
Дата корректировки |
20260429163648.3 |
| 008 |
Кодируемые данные |
260429s2026 RU y f j 000 0 rus u |
| 020 |
Индекс ISBN |
__ |
| a |
ISBN |
978-5-534-12765-2 |
| c |
Цена, тираж |
2059.00 |
| 040 |
Источник каталогиз. |
__ |
| a |
Служба первич. каталог. |
ИКО Юрайт |
| c |
Служба, преобразующая запись |
ИКО Юрайт |
| e |
Правила каталог. |
RCR |
| 041 |
Код языка издания |
__ |
| a |
Код языка текста |
rus |
| 044 |
Код страны публикации |
__ |
| a |
Код страны публикации |
RU |
| 080 |
Индекс УДК |
__ |
| a |
Индекс УДК |
796(075.32) |
| 084 |
Индекс другой классификации/Индекс ББК |
__ |
| 2 |
Источник индекса |
rubbk |
| a |
Индекс другой классификации/Индекс ББК |
75я723 |
| 100 |
Автор |
__ |
| a |
Автор |
Германов Г. Н. |
| q |
Полное имя |
Германов Геннадий Николаевич |
| 245 |
Заглавие |
__ |
| a |
Заглавие |
Пожарно-спасательный спорт |
| b |
Продолж. заглавия |
учебник для спо |
| c |
Ответственность |
Г. Н. Германов, А. Н. Корольков, В. Д. Шалагинов, И. В. Машошина. |
| 256 |
Характеристики компьютерного файла |
__ |
| a |
Характеристики компьютерного файла |
Электрон. дан. |
| 260 |
Выходные данные |
__ |
| a |
Место издания |
Москва |
| b |
Издательство |
Юрайт |
| c |
Дата издания |
2026 |
| 300 |
Физическое описание |
__ |
| a |
Объем |
394 с |
| 440 |
Серия |
__ |
| a |
Серия |
Профессиональное образование |
| 500 |
Примечания |
__ |
| a |
Примечание |
URL: https://urait.ru/bcode/588083 (дата обращения: 29.04.2026). |
| 520 |
Аннотация |
__ |
| a |
Аннотация |
В учебном пособии предпринята попытка систематизации результатов многолетних научных исследований в области спортивной подготовки в пожарно-спасательном спорте, полученных коллективом авторов в последние несколько лет. Рассматриваются исторические аспекты развития и современное состояние пожарного спорта, теоретико-методические основы соревновательной и тренировочной деятельности, принципы формирования разрядных норм и переводных нормативов в детском, юношеском и женском ПСС, аспекты физической, технико-тактической и психологической подготовки. Выработаны рекомендации по дальнейшему совершенствованию спортивной результативности в пожарном спорте. Для студентов образовательных учреждений среднего профессионального образования, изучающих курс физической культуры в рамках общей профессиональной подготовки, а также педагогов и тренеров, содействующих спортивному совершенствованию курсантов, обеспечивающих спортивно-тренировочный процесс в пожарно-спасательном спорте в рамках дополнительного образования. Может быть использовано специалистами по профессионально-прикладной подготовке в системе ГПС МЧС России, рассчитано для слушателей профильных курсов повышения квалификации и профессиональной переподготовки, а вместе с тем для теоретиков и практиков физической культуры и спорта, научных работников, интересующихся проблемами подготовки спортсменов в пожарно-спасательном спорте. |
| 538 |
Прим. о системных особенностях |
__ |
| a |
Прим. о системных особенностях |
Режим доступа: Электронно-библиотечная система Юрайт, для авториз. пользователей |
| 653 |
Ключевые слова |
__ |
| a |
Ключевые слова |
Безопасность жизнедеятельности. Охрана труда |
| 653 |
Ключевые слова |
__ |
| a |
Ключевые слова |
Технические науки |
| 653 |
Ключевые слова |
__ |
| a |
Ключевые слова |
Пожарно-строевая подготовка |
| 653 |
Ключевые слова |
__ |
| a |
Ключевые слова |
Пожарно-спасательный спорт |
| 653 |
Ключевые слова |
__ |
| a |
Ключевые слова |
Выполнение работ по осуществлению караульной службы, тушению пожаров, проведению аварийно-спасательных работ |
| 653 |
Ключевые слова |
__ |
| a |
Ключевые слова |
Выполнение работ по осуществлению караульной службы, тушению пожаров, проведение аварийно-спасательных работ |
| 700 |
Другие авторы |
__ |
| a |
Другие авторы |
Корольков А. Н. |
| q |
Полное имя |
Корольков Алексей Николаевич |
| 700 |
Другие авторы |
__ |
| a |
Другие авторы |
Шалагинов В. Д. |
| q |
Полное имя |
Шалагинов Василий Дмитриевич |
| 700 |
Другие авторы |
__ |
| a |
Другие авторы |
Машошина И. В. |
| q |
Полное имя |
Машошина Ирина Викторовна |
| 856 |
Электронный адрес документа |
40 |
| n |
Местонахождение сервера |
Юрайт |
| g |
|
Электронная книга |
| q |
Тип электронного формата |
html |
| h |
Имя пользователя |
ЮРАЙТ |
| v |
Часы доступа к ресурсу |
20271231 |
| 2 |
Способ доступа |
Показать документ |
| x |
Служебное примечание |
https://urait.ru/book/cover/9BAD44FC-9A85-48C6-909D-C5F04586B5E5 |
| u |
URL |
https://urait.ru/bcode/588083 |
| 856 |
Электронный адрес документа |
48 |
| q |
Тип электронного формата |
cover |
| u |
URL |
https://urait.ru/book/cover/9BAD44FC-9A85-48C6-909D-C5F04586B5E5 |
| 911 |
|
__ |
| u |
|
0030=https://urait.ru/bcode/588083 |
| 911 |
|
__ |
| u |
|
073a=9785534127652 |
| u |
|
073d=2059.00 |
| 911 |
|
__ |
| u |
|
106a=s |
| 911 |
|
__ |
| u |
|
900l= |
| 952 |
Тип литературы |
__ |
| i |
Дисциплина |
Пожарно-строевая подготовка |
| 952 |
Тип литературы |
__ |
| i |
Дисциплина |
Пожарно-спасательный спорт |
| 952 |
Тип литературы |
__ |
| i |
Дисциплина |
Выполнение работ по осуществлению караульной службы, тушению пожаров, проведению аварийно-спасательных работ |
| 952 |
Тип литературы |
__ |
| i |
Дисциплина |
Выполнение работ по осуществлению караульной службы, тушению пожаров, проведение аварийно-спасательных работ |